000 00811nas a2200253 4500
001 BR2011005576
003 BR-BrBNA
005 20231205115125.0
007 ta
008 230509b bl.|||p| |||| 00| 00por d
040 _aBR-BrBNA
_bpor
_cBiblioteca Nacional de Agricultura
041 _a(Pt)
072 _aP36
100 1 _aLongo, R.M.
100 1 _aRibeiro, A.I.
100 1 _aMelo, W.J. de
245 1 _aRecuperação de solos degradados na exploração mineral de cassiterita: biomassa microbiana e atividade da desidrogenase
650 _aRECUPERAÇÃO DO SOLO
650 _aBIOMASSA
650 _aDETERIORAÇÃO DO SOLO
773 0 _tBragantia (Brazil)
_xISSN 0006-8705
_g(Jan-Mar 2011), v. 70(1) p. 132-138
_wBR2011005576
909 _a202311
_bLúcia
_c55
_dLúcia Elande
942 _2AGRIS
_n0
_cANA
999 _c212190
_d212190